I tre esempi #4 - Statistics

Statistiche generali
  • Questo quiz è stato fatto 91 volte
  • Il punteggio medio è 15 su 20
Statistiche sulle risposte
3 esempi Soluzione % Corretto
Fegato, rene, cuore Organo vitale
98%
Balanzone, Pulcinella, Arlecchino Maschera teatrale
96%
Fondente, bianco, al latte Cioccolato
93%
Cotto, crudo, di Praga Prosciutto
93%
In alto, in lungo, con l'asta Salto
93%
Liscia, gassata, minerale Acqua in bottiglia
92%
Dorso, libero, rana Stile di nuoto
92%
Tarantola, vedova nera, violino Ragno
90%
Solido, liquido, gassoso Stato della materia
90%
Girello, controfiletto, ossobuco Taglio di carne bovina
90%
Frollino, savoiardo, amaretto Biscotto
83%
Cartoleria, farmacia, ferramenta Negozio
80%
Centro, ala piccola, guardia tiratrice Ruolo della pallacanestro
69%
Liscio, striato, cardiaco Muscolo
60%
Neurologia, pediatria, ortopedia Specializzazione medica
58%
Ad acqua, a aria, a molle Materasso
51%
Statua, obelisco, mausoleo Monumento
51%
Ottagono, pentagono, triangolo Poligono
49%
Metanolo, etanolo, propanolo Alcol
47%
Ordinario, emerito, associato Professore
30%
Nessun quiz corrispondente trovato
Distribuzione punteggi
Percentuale di utenti per punteggio
Percentile per numero di risposta
I tuoi punteggi nel tempo
Non hai fatto questo quiz